Mi José Asunción Silva (Conferencia) : (Registro nro. 11365)

000 -CABECERA
campo de control de longitud fija 01069nib a2200301ua 4500
001 - NÚMERO DE CONTROL
campo de control 000083495
003 - IDENTIFICADOR DEL NÚMERO DE CONTROL
campo de control OSt
005 - FECHA Y HORA DE LA ÚLTIMA TRANSACCIÓN
campo de control 20230918151507.0
007 - CAMPO FIJO DE DESCRIPCIÓN FÍSICA--INFORMACIÓN GENERAL
campo de control de longitud fija vducgaiz
008 - DATOS DE LONGITUD FIJA--INFORMACIÓN GENERAL
campo de control de longitud fija 170809s1989 ck 049 e | z|spa d
040 ## - FUENTE DE LA CATALOGACIÓN
Centro/agencia transcriptor CO-MqBPB
041 ## - CÓDIGO DE LENGUA
Código de lengua del texto/banda sonora o título independiente spa
043 ## - CÓDIGO DE ÁREA GEOGRÁFICA
Código de área geográfica s-ck---
082 04 - NÚMERO DE LA CLASIFICACIÓN DECIMAL DEWEY
Número de clasificación 860.106
Número de documento/Ítem L66m
Número de edición 21
100 ## - ENTRADA PRINCIPAL--NOMBRE DE PERSONA
Nombre de persona López Michelsen, Alfonso
Fechas asociadas al nombre 1913-2007
245 10 - MENCIÓN DE TÍTULO
Título Mi José Asunción Silva (Conferencia) :
Resto del título [disco sonoro] /
Mención de responsabilidad, etc. Por Alfonso López Michelsen.
260 ## - PUBLICACIÓN, DISTRIBUCIÓN, ETC.
Lugar de publicación, distribución, etc. Bogotá :
Nombre del editor, distribuidor, etc. Casa de Poesía Silva,
Fecha de publicación, distribución, etc. 1989.
300 ## - DESCRIPCIÓN FÍSICA
Extensión 1 disco compacto :
Otras características físicas sonido
Material acompañante/anejo (49 min.)
490 #0 - MENCIÓN DE SERIE
Mención de serie Voces para el tiempo
Designación de volumen o secuencia 106
500 ## - NOTA GENERAL
Nota general Conferencia Mi José Asunción Silva
-- 15 de agosto de 1989
600 ## - PUNTO DE ACCESO ADICIONAL DE MATERIA--NOMBRE DE PERSONA
Nombre de persona Silva, José Asunción
Fechas asociadas al nombre 1865-1896
Subdivisión general Crítica e interpretación
Subdivisión de forma Congresos, conferencias, etc.
650 14 - PUNTO DE ACCESO ADICIONAL DE MATERIA--TÉRMINO DE MATERIA
Término de materia o nombre geográfico como elemento de entrada Poesía colombiana
Subdivisión de forma Congresos, conferencias, etc.
Subdivisión general Historia y crítica
650 14 - PUNTO DE ACCESO ADICIONAL DE MATERIA--TÉRMINO DE MATERIA
Término de materia o nombre geográfico como elemento de entrada Literatura colombiana
650 14 - PUNTO DE ACCESO ADICIONAL DE MATERIA--TÉRMINO DE MATERIA
Término de materia o nombre geográfico como elemento de entrada Poetas colombianos
650 14 - PUNTO DE ACCESO ADICIONAL DE MATERIA--TÉRMINO DE MATERIA
Término de materia o nombre geográfico como elemento de entrada Crítica literaria
700 1# - PUNTO DE ACCESO ADICIONAL--NOMBRE DE PERSONA
Nombre de persona Carranza, María Mercedes
Término indicativo de función/relación Anuncio
942 ## - ELEMENTOS DE PUNTO DE ACCESO ADICIONAL (KOHA)
Fuente del sistema de clasificación o colocación
Tipo de ítem Koha CDROM
Existencias
Estado de retiro Estado de pérdida Fuente del sistema de clasificación o colocación Estado dañado No para préstamo Código de colección Localización permanente Ubicación/localización actual Fecha de adquisición Número de inventario Total de préstamos Signatura topográfica completa Código de barras Fecha visto por última vez Número de copia Precio válido a partir de Tipo de ítem Koha Nota pública
          Multimedia Biblioteca Pública San Juan Bosco Biblioteca Pública San Juan Bosco 20/01/2020 NT   860.106 L66m MOS018963 05/01/2021 Ej. 1 20/01/2020 CDROM Tres días-Multimedia

© Todos los derechos reservados para la Biblioteca Pública Municipal San Juan Bosco, 2020
Secretaria de Cultura de Mosquera
Carrera 3 N° 10 Esquina Centro Cultural Barrio El Carmén Teléfono: 8270830 Ext: 34
Funcionando con KOHA
Contacto: Biblioteca Pública Municipal San Juan Bosco/ bibliotecasanjuanbosco@mosquera-cundinamarca.gov.co
Mosquera, Cundinamarca